000
00327pab a2200145 454500
008
180718b1986 xxu||||| |||| 00| 0 eng d
100
_a
Bhattacharya, A.P.
245
_a
Making red tape green
260
_c
1986
300
_a
181-6
362
_a
Apr.-June
650
_a
Bureaucracy
773
_a
U.S.I. Journal
909
_a
4912
999
_c
4912
_d
4912